| 000 | 00682nam a22002297a 4500 | ||
|---|---|---|---|
| 005 | 20170124110147.0 | ||
| 010 | _aA-395727 | ||
| 020 | _c00.00 | ||
| 035 | _aA-395727 | ||
| 037 | _bCen Lib/Ret | ||
| 040 |
_aDPL _bEN |
||
| 082 |
_a181.41 _bDES |
||
| 100 |
_aDeshpande, G.T. _933638 |
||
| 245 |
_aAbhinavagupta / _cby G.T. Deshpande |
||
| 260 |
_aNew Delhi _bSahitya Akademi _c1989 |
||
| 270 |
_bNew Delhi _arabindra bhawan,35, firozshah marg _e110001 |
||
| 300 |
_a180p. _c21cm(Hb) |
||
| 500 | _aIncludes bibliographical references and appendix | ||
| 650 |
_aPhilosophy _9101766 |
||
| 650 |
_aAbhinavagupta _933640 |
||
| 942 |
_2ddc _cEN _h181.41 _mDES |
||
| 999 |
_c132076 _d132076 |
||